| 000 | 00501nam a22001937a 4500 | ||
|---|---|---|---|
| 003 | OSt | ||
| 005 | 20160425140350.0 | ||
| 008 | 160425b xxu||||| |||| 00| 0 eng d | ||
| 020 | _a0582727006 | ||
| 040 | _cDDC. | ||
| 082 | _a370.1EZE 2000. | ||
| 100 |
_aEzewu,Edward; _98233 |
||
| 245 | _aSociology of education. | ||
| 260 |
_aLagos,London _bLongman. _c2000. |
||
| 300 |
_avi,152p; _bill; _c22cm. |
||
| 504 | _aReferences and index are included. | ||
| 650 |
_aEducation. _91404 |
||
| 942 |
_2ddc _cSLOAN |
||
| 999 |
_c3727 _d3727 |
||